Does acute subtalar arthrodesis achieve better functional outcome than conservative treatment in comminuted calcaneal fractures : (رقم التسجيلة. 179015)

تفاصيل مارك
000 -LEADER
fixed length control field 04942namaa22004451i 4500
003 - CONTROL NUMBER IDENTIFIER
control field EG-GICUC
005 - أخر تعامل مع التسجيلة
control field 20260408123217.0
008 - FIXED-LENGTH DATA ELEMENTS--GENERAL INFORMATION
fixed length control field 260314s2025 ua a|||frm||| 000 0 eng d
040 ## - CATALOGING SOURCE
Original cataloguing agency EG-GICUC
Language of cataloging eng
Transcribing agency EG-GICUC
Modifying agency EG-GICUC
Description conventions rda
041 0# - LANGUAGE CODE
Language code of text/sound track or separate title eng
Language code of summary or abstract eng
-- ara
049 ## - Acquisition Source
Acquisition Source Deposit
082 04 - DEWEY DECIMAL CLASSIFICATION NUMBER
Classification number 616.7
092 ## - LOCALLY ASSIGNED DEWEY CALL NUMBER (OCLC)
Classification number 616.7
Edition number 21
097 ## - Degree
Degree Ph.D
099 ## - LOCAL FREE-TEXT CALL NUMBER (OCLC)
Local Call Number Cai01.11.25.Ph.D.2025.Ah.D
100 0# - MAIN ENTRY--PERSONAL NAME
Authority record control number or standard number Ahmad Mahmoud Hanafi Mahmoud Hassan Almaghrabi,
Preparation preparation.
245 10 - TITLE STATEMENT
Title Does acute subtalar arthrodesis achieve better functional outcome than conservative treatment in comminuted calcaneal fractures :
Remainder of title A Randomized Controlled Trial /
Statement of responsibility, etc. by Ahmad Mahmoud Hanafi Mahmoud Hassan Almaghrabi ; Supervision Prof.Dr. Ahmed Mahmoud Kholeif, Prof.Dr. Aly Mohamed Reda, Prof.Dr. Ahmed Mohamed Khedr.
246 15 - VARYING FORM OF TITLE
Title proper/short title مقارنة بين الناتج الوظيفي لعلاج الكسور المفتتة لعظمة العقب مابين العلاج التحفظي و تثبيت المفصل الكنزعي
264 #0 - PRODUCTION, PUBLICATION, DISTRIBUTION, MANUFACTURE, AND COPYRIGHT NOTICE
Date of production, publication, distribution, manufacture, or copyright notice 2025.
300 ## - PHYSICAL DESCRIPTION
Extent 129 pages :
Other physical details illustrations ;
Dimensions 25 cm. +
Accompanying material CD.
336 ## - CONTENT TYPE
Content type term text
Source rda content
337 ## - MEDIA TYPE
Media type term Unmediated
Source rdamedia
338 ## - CARRIER TYPE
Carrier type term volume
Source rdacarrier
502 ## - DISSERTATION NOTE
Dissertation note Thesis (Ph.D)-Cairo University, 2025.
504 ## - BIBLIOGRAPHY, ETC. NOTE
Bibliography, etc. note Bibliography: pages 124-129.
520 #3 - SUMMARY, ETC.
Summary, etc. In this study it was found that both set of patients achieved consistently better scores throughout the study period. The surgically treated patients achieved higher scores, although both groups had a close time to full weight bearing on average, the operative group had an earlier return to work. These results are consistent with several studies across the literature.<br/>Since the articular surface of the posterior facet of the calcaneus in these comminuted fractures is non reconstructable in these cases, we recommend primary subtalar arthrodesis, as it provide a better a means of returning to work faster, achieve better functional outcome in a shorter
520 #3 - SUMMARY, ETC.
Summary, etc. تشكل كسور عظمة العقب المفتتة تحدياﹰ للمريض و للجراح المعالج، إذ يعد العجز طويل الأمد و عدم القدرة على العودة للعمل و الأنشطة اليومية ما قبل الأصابة من المضاعفات الناتجة عن هذه الكسور و معالجتها.<br/>سؤال البحث: هل يحقق التثبيت الداخلي بالرد المفتوح مع الإندماج المفصلي الأولي للمفصل الكنزعي نتائج وظيفية أفضل مقارنة بالعلاج التحفظي في كسور عظمة العقب المفتتة؟<br/>المنهجية: تم تصميم دراسة تجربة سريرية عشوائية محكومة، لمقارنة النتائج الوظيفية بين العلاج الغير جراحي التحفظي و التثبيت الداخلي بالرد المفتوح مع الأندماج المفصلي الأولي للمفصل الكنزعي. تم مقارنة الناتج الوظيفي بإستخدام AOFAS و FAOS و القدرة على العودة للعمل في خلال سنتين.<br/>النتائج: تشير النتائج إلى وجود دلالة إحصائية في درجات AOFAS و FAOS بين المجموعتين في صالح العلاج الجراحي, على مدار فترة الدراسة. حيث ان العلاج الجراحي يتيح للمرضى تحسن وظيفي و عودة للعمل اسرع من العلاج التحفظي.<br/>القيود: تشمل قيود الدراسة حجم العينة الصغير و غياب بيانات المتابعة طويلة المدى إلى مابعد عامين, مما يحد من القدرة على تقييم النتائج المستدامة.<br/>الخلاصة: يحقق التثبيت الداخلي بالرد المفتوح و الإندماج المفصلي الاولي للمفصل الكنزعي عودة اسرع للعمل و الانشطةاليومية مع نتائج وظيفية افضل بالمقارنة بالعلاج الغير جراحي لكسور عظمة العقب المفتتة.
530 ## - ADDITIONAL PHYSICAL FORM AVAILABLE NOTE
Issues CD Issues also as CD.
546 ## - LANGUAGE NOTE
Text Language Text in English and abstract in Arabic & English.
650 #0 - SUBJECT ADDED ENTRY--TOPICAL TERM
Topical term or geographic name entry element Orthopaedics
650 #0 - SUBJECT ADDED ENTRY--TOPICAL TERM
Topical term or geographic name entry element جراحة العظام
653 #1 - INDEX TERM--UNCONTROLLED
Uncontrolled term arthrodesis
-- functional
-- treatment in comminuted calcaneal
-- Randomized Controlled Trial
-- الاندماج الاولي المفصلي للمفصل الكنزعي
-- كسور العقب المفتتة
700 0# - ADDED ENTRY--PERSONAL NAME
Personal name Ahmed Mahmoud Kholeif
Relator term thesis advisor.
700 0# - ADDED ENTRY--PERSONAL NAME
Personal name Aly Mohamed Reda
Relator term thesis advisor.
700 0# - ADDED ENTRY--PERSONAL NAME
Personal name Ahmed Mohamed Khedr
Relator term thesis advisor.
900 ## - Thesis Information
Grant date 01-01-2025
Supervisory body Ahmed Mahmoud Kholeif
-- Aly Mohamed Reda
-- Ahmed Mohamed Khedr
Universities Cairo University
Faculties Faculty of Medicine
Department Department of Orthopaedics
905 ## - Cataloger and Reviser Names
Cataloger Name Shimaa
Reviser Names Eman Ghareb
942 ## - ADDED ENTRY ELEMENTS (KOHA)
Source of classification or shelving scheme Dewey Decimal Classification
Koha item type Thesis
Edition 21
Suppress in OPAC No
المقتنيات
Source of classification or shelving scheme Home library Current library Date acquired Inventory number Full call number Barcode Date last seen Effective from Koha item type
Dewey Decimal Classification المكتبة المركزبة الجديدة - جامعة القاهرة قاعة الرسائل الجامعية - الدور الاول 14.03.2026 93560 Cai01.11.25.Ph.D.2025.Ah.D 01010110093560000 14.03.2026 14.03.2026 Thesis
Cairo University Libraries Portal Implemented & Customized by: Eng. M. Mohamady Contacts: new-lib@cl.cu.edu.eg | cnul@cl.cu.edu.eg
CUCL logo CNUL logo
© All rights reserved — Cairo University Libraries
CUCL logo
Implemented & Customized by: Eng. M. Mohamady Contact: new-lib@cl.cu.edu.eg © All rights reserved — New Central Library
CNUL logo
Implemented & Customized by: Eng. M. Mohamady Contact: cnul@cl.cu.edu.eg © All rights reserved — Cairo National University Library